00377nam a2200121Ia 4500003000500000005001700005008004100022020001800063100002400081245009500105260003600200300001900236sisc20180307145305.0180305s9999 xx 000 0 und d a9781442278837 aHargrove, Cheryl M. cCheryl M. HargroveaCultural Heritage Tourism:bFive Steps for Success and Sustainability/ aUSAbRowman & Littlefieldc2017 avii, 377 Pages